Tilastot visalle Tadžikistan-visa

Klikkaa tästä pelataksesi tätä visaa!

Yleistilastot

  • Tätä visaa on pelattu 144 kertaa
  • Keskiarvotulos 11 / 18

Vastaustilastot

VihjeVastaus% Oikein
Uskonto, jota 98 % prosenttia väestöstä harjoittaaIslam
97%
NaapurimaatUzbekistan
97%
Valtio, josta Tadžikistan itsenäistyi vuonna 1991Neuvostoliitto
96%
NaapurimaatKiina
95%
NaapurimaatAfganistan
93%
NaapurimaatKirgisia
93%
Tadžikistanin lingua francaVenäjä
91%
PääkaupunkiDušanbe
78%
Tadžikin kieli, eli maan virallinen kieli, on käytännössä tämän kielen murrePersia
53%
Tärkein viljelykasvi, toinen tärkeä vientituotePuuvilla
52%
Yllä olevan nimi vuosina 1929–1961{Stalin}abad
51%
Metalli, joka on maan tärkein vientituoteAlumiini
47%
ValuuttaSomoni
42%
Vuoristo, joka kulkee maan halkiPamir
35%
Tadžikistanin valtionjohtajana vuodesta 1992 lähtien toiminut diktaattoriEmomalii Rahmon
32%
Käsite kahden suurvallan väliselle kilpailulle Keski-Aasian hallinnasta 1800-luvullaSuuri {peli}
32%
Yllä olevassa sijaitse suuri harvaan asuttu autonominen alueVuoristo-{Badahšan}
29%
Kaani- ja emiirikunta, jonka hallinnassa nykyisen Tadžikistanin alue oli 1500-luvulta lähtien{Buharan} kaanikunta
28%

Tulosjakauma

Persentiili vastausten määrän mukaan

Jokaisen tuloksen saaneiden osuus

Tuloshistoriasi

Et ole pelannut tätä visaa